000 00450nam a2200181Ia 4500
001 21100
005 20260306172854.0
008 260306t2003||||xx |||||||||||||| ||spa||
041 _aESP
082 _a344
_bP84
100 _aPrado Ugarteche, Javier [1871-1921]
_eAUT
245 0 _aEl método positivo en el derecho penal
260 _c2003
300 _a120 páginas :
_c20 cm.
650 _aGEN
654 _aCDE
942 _cLIB
_dJUS
_fJUS
_2ddc
_n
999 _c21100
_d21100